North America Professional Sports Team - Sudden Death - Statistics

General Stats
  • This quiz has been taken 131 times
  • The average score is 14 of 21
Answers on the Grid
Answers color-coded by a green-red scale on the quiz's grid according to % correct below.
Ducks
Orioles
Sooners
Flames
Badger
Stallions
Bulldogs
Oilers
Pacers
Royals
Pioneers
Trojans
Devils
Black Knights
Senators
Cougars
Padres
Sharks
Yellow Jackets
Mariners
Bearcats
Maple Leafs
Canucks
Golden Knights
Crusaders
Beavers
Blue Jackets
Huskies
Jets
Kraken
Suns
Bison
Banana Slugs
Magic
Mets
Rays
 
Answer Stats
Answer % Correct
Orioles
89%
Ducks
84%
Pacers
82%
Oilers
78%
Royals
78%
Flames
68%
Padres
68%
Jets
67%
Devils
66%
Magic
66%
Maple Leafs
62%
Mets
62%
Senators
62%
Suns
62%
Mariners
61%
Golden Knights
60%
Kraken
60%
Rays
60%
Canucks
56%
Sharks
56%
Blue Jackets
54%
No matching quizzes found
Score Distribution
Percent of People with Each Score
Percentile by Number Answered
Your Score History
You have not taken this quiz